El Neoliberalismo en Costa Rica: descontento y contraproyectos casos del ICE y de los Comités Patrióticos /
Salvato in:
| Autore principale: | |
|---|---|
| Natura: | testo |
| Tags: |
Aggiungi Tag
Nessun Tag, puoi essere il primo ad aggiungerne!!
|
MARC
| LEADER | 00000 a a2200000 04500 | ||
|---|---|---|---|
| 001 | 43057 | ||
| 003 | |||
| 040 | |||
| 100 | |a Rayner, Jeremy | ||
| 245 | |a El Neoliberalismo en Costa Rica: |b descontento y contraproyectos casos del ICE y de los Comités Patrióticos / |c Jeremy Rayner | ||
| 773 | |g número3 ( , 2008), 21 páginas | ||
| 999 | |c 32722 |d 32722 | ||
